Mirografías / (Record no. 128407)

MARC details
000 -LEADER
campo de control de longitud fija 00800nam a2200217 i 4500
001 - NÚMERO DE CONTROL
campo de control 128407
003 - IDENTIFICADOR DE NÚMERO DE CONTROL
campo de control ES-MaACL
005 - FECHA Y HORA DE LA ÚLTIMA TRANSACCIÓN
campo de control 20251015164737.0
007 - CAMPO FIJO DE DESCRIPCIÓN FÍSICA--INFORMACIÓN GENERAL
campo de control de longitud fija t|
008 - DATOS DE LONGITUD FIJA--INFORMACIÓN GENERAL
campo de control de longitud fija 070510s1972 sp ||||1| spa d
080 ## - NÚMERO DE LA CLASIFICACIÓN DECIMAL UNIVERSAL
Número de la Clasificación Decimal Universal 74 Miró, Juan(084)
080 ## - NÚMERO DE LA CLASIFICACIÓN DECIMAL UNIVERSAL
Número de la Clasificación Decimal Universal 76 Miró, Juan(084)
100 1# - ENTRADA PRINCIPAL--NOMBRE DE PERSONA
Nombre de persona Miró, Joan.
9 (RLIN) 81604
245 10 - MENCIÓN DEL TÍTULO
Título Mirografías /
Mención de responsabilidad, etc. Dibujos, grabados sobre cobre, litografías, grabados sobre madera, libros, carteles de Joan Miró ; Introducción notas y comentarios por Ivon Taillandier ; [Traducción de Juan-Eduardo Cirlot.
260 ## - PUBLICACIÓN, DISTRIBUCIÓN, ETC.
Lugar de publicación, distribución, etc. Barcelona :
Nombre del editor, distribuidor, etc. Gustavo Gili,
Fecha de publicación, distribución, etc. [1972]
300 ## - DESCRIPCIÓN FÍSICA
Extensión 198 p. :
Otras características físicas il. ;
Dimensiones 36 cm.
700 1# - ENTRADA AGREGADA--NOMBRE PERSONAL
Nombre de persona Taillandier, Yvon.
9 (RLIN) 145663
700 1# - ENTRADA AGREGADA--NOMBRE PERSONAL
Nombre de persona Cirlot, Juan-Eduardo,
Fechas asociadas al nombre 1916-1973
9 (RLIN) 38898
852 ## - LOCALIZACIÓN
Ubicación ES-MaACL
Número de control de estantería C-47199
Sublocalización o colección R.84741
Holdings
Estatus retirado Estado de pérdida Estado de daño No para préstamo Biblioteca de origen Biblioteca actual Ubicación en estantería Fecha de adquisición Fuente de adquisición Total de préstamos Signatura topográfica completa Código de barras Visto por última vez Precio de reemplazo Tipo de ítem Koha
        Biblioteca del Ateneo de Madrid Biblioteca del Ateneo de Madrid Depósito 2 17/01/2008     C-47199 1133736 23/02/2023 23/02/2023 Libro impreso